| 000 | 01354nam a2200253Ia 4500 | ||
|---|---|---|---|
| 999 |
_c37530 _d37530 |
||
| 001 | 3494 | ||
| 003 | GE_BSU | ||
| 005 | 20190620192918.0 | ||
| 008 | 181216s2009||||ge |||||||||||||| ||geo|| | ||
| 040 | _cGE_BSU | ||
| 041 | _ageo | ||
| 080 | _a37.14 ე–81 | ||
| 245 |
_aეროვნული სასწავლო გეგმა : _bზოგადსაგანმ. სკოლებისთვის, 2009-2010 სასწ. წელი / _cეროვნ. სასწ. გეგმებისა და შეფასების ცენტრი ; გამოცემაზე მუშაობდნენ: ნიკა გვარამია და სხვ. |
||
| 264 |
_aთბილისი, _c2009 |
||
| 300 |
_a728 გვ.; _b29 სმ. |
||
| 653 | _aეროვნული სასწავლო გეგმები | ||
| 653 | _aსასწავლო პროგრამები | ||
| 700 |
_aგვარამია, ნიკა _92689 |
||
| 700 |
_aნოდია, გიორგი _92690 |
||
| 700 |
_aლომაია, ალექსანდრე _92691 |
||
| 700 |
_aწიფურია, ბელა და სხვ. _92692 |
||
| 710 |
_aეროვნ. სასწ. გეგმებისა და შეფასების ცენტრი _92693 |
||
| 942 |
_cBK _2udc |
||